| Tag |
First Indicator |
Second Indicator |
Subfields |
| LEADER |
00000cam a2200000 4500 |
| 001 |
in00000074387 |
| 005 |
20151008052603.0 |
| 008 |
770709s1959 enk 00000 eng |
| 010 |
|
|
|a 59003972
|
| 035 |
|
|
|a (OCoLC)03103316
|
| 035 |
|
|
|9 AAH4007AM
|
| 040 |
|
|
|a DLC
|c OCP
|d TXA
|d UtOrBLW
|
| 049 |
|
|
|a TXAM
|c [315911]
|
| 050 |
0 |
0 |
|a JX1974
|b .N8
|
| 082 |
0 |
|
|a 341.67
|
| 092 |
|
|
|a 341.67
|b N986d
|
| 100 |
1 |
|
|a Nutting, Anthony,
|d 1920-1999.
|
| 245 |
1 |
0 |
|a Disarmament :
|b an outline of the negotiations.
|
| 264 |
|
1 |
|a London :
|b Oxford University Press,
|c 1959.
|
| 300 |
|
|
|a 51 pages ;
|c 19 cm.
|
| 336 |
|
|
|a text
|b txt
|2 rdacontent
|
| 337 |
|
|
|a unmediated
|b n
|2 rdamedia
|
| 338 |
|
|
|a volume
|b nc
|2 rdacarrier
|
| 650 |
|
0 |
|a Disarmament.
|
| 999 |
|
|
|a MARS
|
| 999 |
f |
f |
|s dfbaa5f6-fca1-3d15-99fb-3c7de33de48c
|i 690d5f97-46d1-3903-aa29-b68322eda484
|t 0
|
| 952 |
f |
f |
|p ric
|a Texas A&M University
|b Rellis Campus
|c Joint Library Facility
|d Remote Storage
|t 0
|e JX1974 .N8
|h Library of Congress classification
|i unmediated -- volume
|m A14800785411
|
| 998 |
f |
f |
|a JX1974 .N8
|t 0
|l Remote Storage
|